000 00651nam a2200241Ia 4500
003 OSt
005 20220928124322.0
006 a|||||r|||| 00| 0
007 ta
008 220927b |||||||| |||| 00| 0 eng d
024 _a119861
037 _bGift, 01/10/2013,
_cTextual
040 _aSDCL
_cSDCL
_beng
041 _2eng
_aeng
082 _aB43, P1
100 _aDuoandikoetxea Javier
_9428326
245 0 _aFourier analysis.
260 _aRhode
_bIsland AMS
_c2013
300 _axv;222p
_ccm.
650 _aGift
_9391569
942 _hB43, P1
_cTEXL
_2CC
999 _c777264
_d777264